<?xml version="1.0" encoding="UTF-8"?>
<record
    xmlns:xsi="http://www.w3.org/2001/XMLSchema-instance"
    xsi:schemaLocation="http://www.loc.gov/MARC21/slim http://www.loc.gov/standards/marcxml/schema/MARC21slim.xsd"
    xmlns="http://www.loc.gov/MARC21/slim">

  <leader>01516nam a2200349Ia 4500</leader>
  <controlfield tag="003">OSt</controlfield>
  <controlfield tag="005">20201019104636.0</controlfield>
  <controlfield tag="008">191128s1983    ck abc gr     000 0 spa d</controlfield>
  <datafield tag="020" ind1=" " ind2=" ">
    <subfield code="a">8482860003</subfield>
    <subfield code="q">Obra completa</subfield>
  </datafield>
  <datafield tag="020" ind1=" " ind2=" ">
    <subfield code="a">8482860038</subfield>
    <subfield code="q">v.1</subfield>
  </datafield>
  <datafield tag="020" ind1=" " ind2=" ">
    <subfield code="a">8482860062</subfield>
    <subfield code="q">v.2</subfield>
  </datafield>
  <datafield tag="020" ind1=" " ind2=" ">
    <subfield code="a">8482860097</subfield>
    <subfield code="q">v.3</subfield>
  </datafield>
  <datafield tag="020" ind1=" " ind2=" ">
    <subfield code="a">8482860127</subfield>
    <subfield code="q">v.4</subfield>
  </datafield>
  <datafield tag="020" ind1=" " ind2=" ">
    <subfield code="a">8482860151</subfield>
    <subfield code="q">v.5</subfield>
  </datafield>
  <datafield tag="020" ind1=" " ind2=" ">
    <subfield code="a">8482860186</subfield>
    <subfield code="q">v.6</subfield>
  </datafield>
  <datafield tag="020" ind1=" " ind2=" ">
    <subfield code="a">8482860216</subfield>
    <subfield code="q">v.7</subfield>
  </datafield>
  <datafield tag="040" ind1=" " ind2=" ">
    <subfield code="a">CO-JMCR</subfield>
    <subfield code="c">CO-JMCR</subfield>
  </datafield>
  <datafield tag="041" ind1=" " ind2=" ">
    <subfield code="a">spa</subfield>
  </datafield>
  <datafield tag="082" ind1="0" ind2="4">
    <subfield code="a">986.105 /</subfield>
    <subfield code="b">M632g</subfield>
    <subfield code="2">23</subfield>
  </datafield>
  <datafield tag="100" ind1="1" ind2=" ">
    <subfield code="a">Mier Ria&#xF1;o, Jos&#xE9; Mar&#xED;a De, </subfield>
    <subfield code="e">autor</subfield>
    <subfield code="9">11110</subfield>
  </datafield>
  <datafield tag="245" ind1="1" ind2="3">
    <subfield code="a">La Gran Colombia / </subfield>
    <subfield code="c">Jos&#xE9; Mar&#xED;a De Mier Ria&#xF1;o</subfield>
  </datafield>
  <datafield tag="250" ind1=" " ind2=" ">
    <subfield code="a">Primera edici&#xF3;n</subfield>
  </datafield>
  <datafield tag="260" ind1=" " ind2=" ">
    <subfield code="a">Bogot&#xE1; : </subfield>
    <subfield code="b">Presidencia de la Rep&#xFA;blica, </subfield>
    <subfield code="c">1983</subfield>
  </datafield>
  <datafield tag="300" ind1=" " ind2=" ">
    <subfield code="a">7 vol&#xFA;menes : </subfield>
    <subfield code="b">ilustraciones, mapas y retratos a blanco y negro ; </subfield>
    <subfield code="c">21 cm. </subfield>
  </datafield>
  <datafield tag="490" ind1="0" ind2=" ">
    <subfield code="a">Bicentenario del Libertador</subfield>
  </datafield>
  <datafield tag="505" ind1="0" ind2=" ">
    <subfield code="g">v.1</subfield>
    <subfield code="t">decretos de la secretaria de Estado y del Interior 1821-1824</subfield>
    <subfield code="g">v.2</subfield>
    <subfield code="t">decretos de la Secretaria de Estado y del Interior 1824-1826</subfield>
    <subfield code="g">v.3</subfield>
    <subfield code="t">decretos de la Secretar&#xED;a de Estado y del Interior 1826-1828</subfield>
    <subfield code="g">v.4</subfield>
    <subfield code="t">decretos de la Secretaria de Estado y del Interior 1828-1831</subfield>
    <subfield code="g">v.5</subfield>
    <subfield code="t">documentos de la secretar&#xED;a de Estado y de relaciones exteriores</subfield>
    <subfield code="g">v.6</subfield>
    <subfield code="t">el libertador y algunas misiones diplom&#xE1;ticas</subfield>
    <subfield code="g">v.7</subfield>
    <subfield code="t">&#xED;ndices</subfield>
  </datafield>
  <datafield tag="650" ind1="1" ind2="4">
    <subfield code="a">La gran Colombia</subfield>
    <subfield code="9">11592</subfield>
  </datafield>
  <datafield tag="651" ind1=" " ind2="4">
    <subfield code="a">Colombia</subfield>
    <subfield code="x">historia</subfield>
    <subfield code="y">1819-1931</subfield>
    <subfield code="9">11668</subfield>
  </datafield>
  <datafield tag="651" ind1=" " ind2="4">
    <subfield code="a">Ecuador</subfield>
    <subfield code="x">historia</subfield>
    <subfield code="y">1822-1830</subfield>
    <subfield code="9">11669</subfield>
  </datafield>
  <datafield tag="651" ind1=" " ind2="4">
    <subfield code="a">Venezuela</subfield>
    <subfield code="x">historia</subfield>
    <subfield code="y">1810-1830</subfield>
    <subfield code="9">11504</subfield>
  </datafield>
  <datafield tag="942" ind1=" " ind2=" ">
    <subfield code="2">ddc</subfield>
    <subfield code="c">BK</subfield>
  </datafield>
  <datafield tag="999" ind1=" " ind2=" ">
    <subfield code="c">6275</subfield>
    <subfield code="d">6275</subfield>
  </datafield>
  <datafield tag="952" ind1=" " ind2=" ">
    <subfield code="0">0</subfield>
    <subfield code="1">0</subfield>
    <subfield code="2">ddc</subfield>
    <subfield code="4">0</subfield>
    <subfield code="7">0</subfield>
    <subfield code="8">NFIC</subfield>
    <subfield code="a">CPL</subfield>
    <subfield code="b">CPL</subfield>
    <subfield code="d">2018-04-15</subfield>
    <subfield code="e">Donaci&#xF3;n</subfield>
    <subfield code="l">1</subfield>
    <subfield code="o">986.105 / M632g </subfield>
    <subfield code="p">430012303</subfield>
    <subfield code="r">2024-05-16 00:00:00</subfield>
    <subfield code="s">2022-03-22</subfield>
    <subfield code="t">V.1 / Ej.1</subfield>
    <subfield code="y">BK</subfield>
    <subfield code="z">Exlibris: gran sello de Colombia. Retratos con rubricas</subfield>
  </datafield>
  <datafield tag="952" ind1=" " ind2=" ">
    <subfield code="0">0</subfield>
    <subfield code="1">0</subfield>
    <subfield code="2">ddc</subfield>
    <subfield code="4">0</subfield>
    <subfield code="7">0</subfield>
    <subfield code="8">NFIC</subfield>
    <subfield code="a">CPL</subfield>
    <subfield code="b">CPL</subfield>
    <subfield code="d">2018-04-15</subfield>
    <subfield code="e">Donaci&#xF3;n</subfield>
    <subfield code="l">1</subfield>
    <subfield code="o">986.105 / M632g </subfield>
    <subfield code="p">430012304</subfield>
    <subfield code="r">2024-05-16 00:00:00</subfield>
    <subfield code="s">2022-03-22</subfield>
    <subfield code="t">V.2 / Ej.1</subfield>
    <subfield code="y">BK</subfield>
  </datafield>
  <datafield tag="952" ind1=" " ind2=" ">
    <subfield code="0">0</subfield>
    <subfield code="1">0</subfield>
    <subfield code="2">ddc</subfield>
    <subfield code="4">0</subfield>
    <subfield code="7">0</subfield>
    <subfield code="8">NFIC</subfield>
    <subfield code="a">CPL</subfield>
    <subfield code="b">CPL</subfield>
    <subfield code="d">2018-04-15</subfield>
    <subfield code="e">Donaci&#xF3;n</subfield>
    <subfield code="o">986.105 / M632g </subfield>
    <subfield code="p">430012305</subfield>
    <subfield code="r">2024-05-16 00:00:00</subfield>
    <subfield code="t">V.3 / Ej.1</subfield>
    <subfield code="y">BK</subfield>
  </datafield>
  <datafield tag="952" ind1=" " ind2=" ">
    <subfield code="0">0</subfield>
    <subfield code="1">0</subfield>
    <subfield code="2">ddc</subfield>
    <subfield code="4">0</subfield>
    <subfield code="7">0</subfield>
    <subfield code="8">NFIC</subfield>
    <subfield code="a">CPL</subfield>
    <subfield code="b">CPL</subfield>
    <subfield code="d">2018-04-15</subfield>
    <subfield code="e">Donaci&#xF3;n</subfield>
    <subfield code="o">986.105 / M632g </subfield>
    <subfield code="p">430012306</subfield>
    <subfield code="r">2024-05-16 00:00:00</subfield>
    <subfield code="t">V.4 / Ej.1</subfield>
    <subfield code="y">BK</subfield>
  </datafield>
  <datafield tag="952" ind1=" " ind2=" ">
    <subfield code="0">0</subfield>
    <subfield code="1">0</subfield>
    <subfield code="2">ddc</subfield>
    <subfield code="4">0</subfield>
    <subfield code="7">0</subfield>
    <subfield code="8">NFIC</subfield>
    <subfield code="a">CPL</subfield>
    <subfield code="b">CPL</subfield>
    <subfield code="d">2018-04-15</subfield>
    <subfield code="e">Donaci&#xF3;n</subfield>
    <subfield code="o">986.105 / M632g </subfield>
    <subfield code="p">430012307</subfield>
    <subfield code="r">2024-05-16 00:00:00</subfield>
    <subfield code="t">V.5 / Ej.1</subfield>
    <subfield code="y">BK</subfield>
  </datafield>
  <datafield tag="952" ind1=" " ind2=" ">
    <subfield code="0">0</subfield>
    <subfield code="1">0</subfield>
    <subfield code="2">ddc</subfield>
    <subfield code="4">0</subfield>
    <subfield code="7">0</subfield>
    <subfield code="8">NFIC</subfield>
    <subfield code="a">CPL</subfield>
    <subfield code="b">CPL</subfield>
    <subfield code="d">2018-04-15</subfield>
    <subfield code="e">Donaci&#xF3;n</subfield>
    <subfield code="o">986.105 / M632g </subfield>
    <subfield code="p">430012308</subfield>
    <subfield code="r">2024-05-16 00:00:00</subfield>
    <subfield code="t">V.6 / Ej.1</subfield>
    <subfield code="y">BK</subfield>
  </datafield>
  <datafield tag="952" ind1=" " ind2=" ">
    <subfield code="0">0</subfield>
    <subfield code="1">0</subfield>
    <subfield code="2">ddc</subfield>
    <subfield code="4">0</subfield>
    <subfield code="7">0</subfield>
    <subfield code="8">NFIC</subfield>
    <subfield code="a">CPL</subfield>
    <subfield code="b">CPL</subfield>
    <subfield code="d">2018-04-15</subfield>
    <subfield code="e">Donaci&#xF3;n</subfield>
    <subfield code="o">986.105 / M632g </subfield>
    <subfield code="p">430012309</subfield>
    <subfield code="r">2024-05-16 00:00:00</subfield>
    <subfield code="t">V.7 / Ej.1</subfield>
    <subfield code="y">BK</subfield>
  </datafield>
</record>
